00743cam a2200193 a 450000100100000000500170001000800410002704000300006808200200009810000210011824500500013926000520018930000280024150000650026950400600033465000440039465000540043865000570049200001401520200929163434.0850219s1984 uy a b 001 0 spa  aDO-SdBNPbspacDLCdBNPHU a324.0985bF825d1 aFranco, Rolando.10aDemocracia "a la uruguaya" /cRolando Franco. aMontevideo, (Uruguay) :bEl Libro Libre,c1984. a136 p. :bil. ;c19 cm. a"Un análisis electoral del período 1925-1984"--Covierta. aIncluye referencias bibliográficas: p. [137] - [140]. 4aEleccioneszUruguayxHistoriaySIGLO XX 4aPartidos políticoszUruguayxHistoriaySIGLO XX 4aGobierno representativozUruguayxHistoriaySIGLO XX